000 00311nam a2200133Ia 4500
008 230917s9999||||xx |||||||||||||| ||und||
040 _e159786
_aMAIN
041 _aEnglish
082 _a891.2109 V459A
100 _aVats, Karambir
245 0 _aAlankaron ka udabhav aur vikas
300 _a75 p.
942 _cTH
999 _c72986
_d72986